00552nam a2200193 a 4500020001500000040000900015082002700024245005800051250001300109260006700122300002900189650001600218650001600234650002200250650002200272700002200294700001600316700002600332 a2910199002 cCU-A a338 EDI 1993 A010 Or. 00aAfrique--Asie :bperformances agricoles comparées / a1. éd. aParis :bEditions de la Revue française d'économie,c1993. a367 p. :bill. ;c24 cm. 0aAgriculture 0aAgriculture 0aRural development 0aRural development1 aEtienne, Gilbert.1 aGriffon, M.1 aGuillaumont, Patrick.